01063 2200313 4500001002100000005001500021035002000036007000300056008004100059020002200100082001200122084001400134100003100148245013000179250003500309300007700344650003800421700003200459504003300491264005100524336002100575337003000596338002300626040002200649090002200671850001200693999002200705990002200727INLIS00000000086849120220307085217 a0010-0322000157ta220304s2020 yoia gr 0 ind d a978-602-6509-70-304223a729 a729 SHO d1 aSholahuddin, M.epengarang10aDesain asesoris interior (furniture, furnishing & equipment) dan prinsip 'new normal' dalam desain interior /cM. Sholahuddin aCetakan Pertama: November 2020 axxiii, 240 halaman :bilustrasi, gambar berwarna, foto berwarna ;c23 cm 4aRuangan--xDesain dan perencanaan0 aPrastika Wulandariepenulis aBibliografi: halaman 235-24031aBantul :bBadan Penerbit ISI Yogyakarta,c2020 2rdacontentateks 2rdamediaatanpa perantara 2rdacarrieravolume aYOPDYOGbinderda aCB-D.11 2020-3441 aYOPDYOG aCB-D.11/2020-3441 aCB-D.11/2020-3441